Statistiques concernant Animaux aléatoires dans la littérature

Cliquez ici pour prendre le quiz!

Statistiques générales

  • Ce quiz a été pris 440 fois
  • Le résultat moyen est 8 sur 15

Statistiques - réponses

IndicesAnimaux% Correct
Chat orange friand de lasagnesGarfield
97%
Chien d'ObélixIdéfix
95%
Chien de TintinMilou
95%
Canard le plus riche de l'universBalthazar Picsou
94%
Célèbre souris de DisneyMickey Mouse
94%
Tigre ami de WinnieTigrou
94%
Ours du Livre de la jungleBaloo
93%
Chien de BouleBill
90%
Chien de Lucky LukeRantanplan
88%
Chien de Mickey MousePluto
85%
Ourson ami de Jean-ChristopheWinnie
85%
Abeille espiègleMaya
82%
Chien gardien des EnfersCerbère
78%
Canard inventeur ami de DonaldGéo Trouvetou
78%
Ours péruvien débarquant à LondresPaddington
76%
Cheval de YakariPetit Tonnerre
72%
Cochon ami de WinniePorcinet
71%
Chouette de Harry PotterHedwige
68%
Serpent du Livre de la jungleKaa
67%
Lion dans NarniaAslan
63%
Tortue de BouleCaroline
63%
Cachalot blanc de MelvilleMoby Dick
63%
Chat de GargamelAzraël
62%
Cheval de Lucky LukeJolly Jumper
62%
Tortue ninja associée au rougeRaphael
62%
Panthère du Livre de la jungleBagheera
57%
Chien dormant sur sa nicheSnoopy
56%
Serpent de Lord VoldemortNagini
54%
Âne bleu mélancoliqueBourriquet
53%
Tortue ninja associée à l'orangeMichelangelo
47%
Éléphant barioléElmer
46%
Tortue ninja associée au bleuLeonardo
44%
Rat de Ron WeasleyCroûtard
39%
Chat d'Hermione GrangerPattenrond
39%
Tortue ninja associée au violetDonatello
38%
Loup ennemi de RenartYsengrin
38%
Tigre du Livre de la jungleShere Khan
32%
Renard ennemi de YsengrinRenart
31%
Chèvre de monsieur Seguin (septième)Blanquette
29%
Chien de HagridCrockdur
26%
Écureuil de SpirouSpip
22%
Chien-loup de Weedon Scott entre autresCroc-Blanc
21%
Cheval de Don QuichotteRossinante
20%
Chien de Jon ArbuckleOdie
14%
Chien de Donald DuckBolivar
12%
Chien d'UlysseArgos
10%
Chien dans L'Appel de la forêtBuck
10%
Chat héro de la saga "La Guerre des Clans"Etoile de Feu
10%
Âne créé par Henri BoscoÂne Culotte
9%
Chat de LéonardRaoul
5%

Distribution des résultats

Percentile par nombre de réponses

% des personnes avec chaque résultat

Votre développement - résultats

Vous n’avez pas pris ce quiz